000 00444nam a2200193 i 4500
001 bg
100 1 _aLeśniok, Henryk.
245 1 0 _aWykłady z geodezji 2 /
_cHenryk Leśniok.
250 _aWyd. 2 popr.
260 _aWarszawa,
_c1979.
650 9 _aGeodezja
655 _aPodręczniki akademickie
040 _cBPK
041 _apol
080 _a528
080 _a(075.8)
942 _cKS
008 s pl f |000 0 pol
999 _c1386
_d1386
856 _uhttp://koha.tu.koszalin.pl/cgi-bin/koha/opac-detail.pl?biblionumber=1386
_yKatalog online BPK